[Event "Madrid San Viator op-A 27th"]
[Site "Madrid"]
[Date "2016.11.20"]
[Round "9"]
[White "Perez Perez, Diego II"]
[Black "Blanco Diez, David"]
[Result "0-1"]
[WhiteElo "1750"]
[BlackElo "1845"]
[PlyCount "45"]
[EventDate "2016.09.25"]
[EventType "swiss"]
[EventRounds "9"]
[EventCountry "ESP"]
[SourceTitle "EXT 2019"]
[Source "ChessBase"]
[SourceDate "2018.10.10"]
[SourceVersion "1"]
[SourceVersionDate "2018.10.10"]
[SourceQuality "1"]

1. e4 e5 2. Nf3 Nc6 3. d4 exd4 4. Nxd4 Nf6 5. Nc3 Bb4 6. Nxc6 bxc6 7. Bd3 d5 8. exd5 cxd5 9. 0-0 0-0 10. Bg5 c6 11. Qf3 h6 12. Bxf6 Qxf6 13. Qxf6 gxf6 14. Ne2 Re8 15. Nd4 Bd7 16. c3 Bd6 17. Bf5 Bxf5 18. Nxf5 Bf8 19. Rfe1 Re5 20. g4 Rae8 21. Kf1 Kh7 22. Nd4 c5 23. Nf3 0-1